00542nam a2200157Ia 4500008004100000040000800041082001600049100002900065245003300094260000900127264001000136942001300146952010400159952010400263999001700367231129s1984||||xx |||||||||||||| ||spa|| bspa a255.3 M291f aMantilla R. Luis Carlos 0aLos franciscanos en Colombia c1984 aKelly 2ddccBKS 00102ddc4070aBRCbBRCd2009-07-09l0o255.3 M291fp6622r2023-11-29 21:22:24t1w2023-11-29yBK 00102ddc4070aBRCbBRCd2009-07-09l0o255.3 M291fp6623r2023-11-29 21:22:24t1w2023-11-29yBK c19686d19686